Trách nhiệm hình sự của pháp nhân thương mại - những vấn đề lý luận và thực tiễn Luận văn thạc sỹ luật học. Chuyên ngành Luật kinh tế

Tìm hiểu những vấn đề lý luận và thực tiễn về trách nhiệm hình sự của pháp nhân thương mại

Tallennettuna:
Bibliografiset tiedot
Päätekijä: Lê, Phan Hoàng Duy
Aineistotyyppi: Kirja
Kieli:Undetermined
Julkaistu: Cần Thơ Trường Đại học Cần Thơ 2016
Aiheet:
Tagit: Lisää tagi
Ei tageja, Lisää ensimmäinen tagi!
Thư viện lưu trữ: Trung tâm Học liệu Trường Đại học Cần Thơ
LEADER 00949nam a2200205Ia 4500
001 CTU_214705
008 210402s9999 xx 000 0 und d
082 |a 345.0268 
082 |b D523 
100 |a Lê, Phan Hoàng Duy 
245 0 |a Trách nhiệm hình sự của pháp nhân thương mại - những vấn đề lý luận và thực tiễn 
245 0 |b Luận văn thạc sỹ luật học. Chuyên ngành Luật kinh tế 
245 0 |c Lê Phan Hoàng Duy ; Phạm Văn Beo (hướng dẫn khoa học) 
260 |a Cần Thơ 
260 |b Trường Đại học Cần Thơ 
260 |c 2016 
520 |a Tìm hiểu những vấn đề lý luận và thực tiễn về trách nhiệm hình sự của pháp nhân thương mại 
650 |a Luật hình sự 
904 |i Nguyên 
980 |a Trung tâm Học liệu Trường Đại học Cần Thơ